| 000 | 00987cab a2200253 4500 | ||
|---|---|---|---|
| 001 | ABS58322 | ||
| 008 | 090401t1998 xxu||||| |||| 00| 0 eng d | ||
| 035 | _a(Sirsi) u84608 | ||
| 041 | _aeng | ||
| 245 | _aSabella Ltd v Montgomery and others | ||
| 260 | _c1998 | ||
| 350 | _a0 | ||
| 490 |
_aEstates Gazette _v[1998] 09 EG 153-156(4) |
||
| 520 | _aS served M with notices under the landlord and Tenant Act 1954 s25, terminating the tenancy of a premises. M did not serve counternotices and S took possession of the premises. Court below found section 25 notices were invalid as they differed from the prescribed form. S appealed. Appeal dismissed. | ||
| 650 | _aLANDLORD AND TENANT ACT 1954 S25 | ||
| 650 | _aPOSSESSION | ||
| 650 | _aPRESCRIBED FORM | ||
| 650 | _aSABELLA LTD V MONTGOMERY AND OTHERS | ||
| 650 | _aSECTION 25 NOTICES | ||
| 650 | _aTERMINATION OF TENANCY | ||
| 690 | _aLANDLORD AND TENANT-CASE LAW-BUSINESS TENANCIES | ||
| 942 | _n0 | ||
| 948 | _c02/03/1998 | ||
| 999 |
_c53187 _d53187 |
||